000 00336nam a2200133 i 4500
001 bg
245 0 _aProjektowanie stacji rozrządowych /
_cZygmunt Hebdzyński [et al.].
260 _aWarszawa,
_c1979.
700 1 _aHebdzyński, Zygmunt
040 _cBPK
041 _apol
942 _cKS
008 s pl f |000 0 pol
999 _c18705
_d18705
856 _uhttp://koha.tu.koszalin.pl/cgi-bin/koha/opac-detail.pl?biblionumber=18705
_yKatalog online BPK